00495nam a2200193 a 4500001001300000003000900013005001700022008004100039020001000080082001600090100001700106245004100123260003400164300000900198500003500207505001000242650003200252700001700284nice12345678IN_TiNIC20260116011501.0050524s1952 lona grp 000 0 eng  ac10000a181.07bWIC aWickens, G M aAvicennab Scientist and Philosopher aLondon bLuzac and Co. c1952 a128p aincludes index and biblioraphy2 aIndex aPhilosophy-Islamic Avicenna1 aWickens, G M